000 00688nam a2200241Ia 4500
003 OSt
005 20221002051227.0
006 a|||||r|||| 00| 0
007 ta
008 220930b |||||||| |||| 00| 0 eng d
024 _a23138
037 _cReference Collections
040 _aCRL
_cCRL
_beng
041 _2eng
_aeng
082 _aU:(P111:4)k, L0(RR)
245 0 _aLongman dictionary of Geography ed by Dudley Stamp
260 _aLondon
_bLongman Press Gr.Britain
_c1970
300 _a492p.
_ccm.
650 _a GEOGRAPHY
650 _aGEOGRAPHY - DICTIONARIES
_9572248
942 _hU:(P111:4)k, L0(RR)
_cref
_2CC
999 _c916270
_d916270